Making Of Vibrant Cities: A Collection Of Essays Complied By Mumbai First (Record no. 369464)

MARC details
000 -LEADER
fixed length control field 00421 a2200145 4500
005 - DATE AND TIME OF LATEST TRANSACTION
control field 20251224115908.0
008 - FIXED-LENGTH DATA ELEMENTS--GENERAL INFORMATION
fixed length control field 251223b |||||||| |||| 00| 0 eng d
020 ## - INTERNATIONAL STANDARD BOOK NUMBER
International Standard Book Number 9788129139641
082 ## - DEWEY DECIMAL CLASSIFICATION NUMBER
Classification number 711.5/RUP
100 ## - MAIN ENTRY--PERSONAL NAME
Author Rupa Publication
245 ## - TITLE STATEMENT
Title Making Of Vibrant Cities: A Collection Of Essays Complied By Mumbai First
260 ## - PUBLICATION, DISTRIBUTION, ETC.
Name of publisher, distributor, etc. Rupa publications
Date of publication, distribution, etc. 2016
Place of publication, distribution, etc. New Delhi
300 ## - PHYSICAL DESCRIPTION
Extent 315p
Other physical details HB
942 ## - ADDED ENTRY ELEMENTS (KOHA)
Koha item type Books
Holdings
Withdrawn status Lost status Source of classification or shelving scheme Damaged status Not for loan Home library Current library Date acquired Vendor Net Price Total Checkouts Full call number Barcode Date last seen Actual Price Bill Date Koha item type
    Dewey Decimal Classification     Dr. Bhanuben Nanavati College of Architecture Dr. Bhanuben Nanavati College of Architecture 22/12/2025 213 486.50   711.5/RUP BNCA-BK-13419 22/12/2025 695.00 12/12/2025 Books